Datum a čas kvízu
23
Celkem bodů
Celkový počet nahraných bodů na tomto kvízu bez doplňovacích otázek.
4.
Pořadí na kvízu
Konečné umístění týmu na tomto kvízu.
Zaznamenané odpovědi
| # | Otázka | Odpověď | Body | Výsledky |
|---|---|---|---|---|
| 1. | Minulý týden se v Praze konal... | Globsec | 0 | |
| 2. | Malému chlapci se při návštěvě... | Haifa | 0 | |
| 3. | Kapela Lucie v sobotu odehrála... | Bezděz | 0 | |
| 4. | 62letý muž čelí trestnímu ozná... | A) ve vlaku nefungovaly toalety | 0 | |
| 5. | Fotbalisté Sparty Praha se po... | Lukáš Haraslín | 1 | |
| 6. | Téma začneme stavbou, které mn... | Václav Aulický | 0 | |
| 7. | Žebříčků hodnotících nejoškliv... | jako hotel | 0 | |
| 8. | Nyní se ptáme na evropského vů... | Nicolae Ceaușescu, Rumunsko | 1 | |
| 9. | I Slovensko má svého zástupce... | Martina Šimkovičová | 1 | |
| 10. | V této londýnské budově sídlí... | SIS | 0 |